Spongebob Schwammkopf A-Z - Statistiken

Allgemein
  • Dieses Quiz wurde 657 mal gespielt
  • Das Durchschnittsergebnis liegt bei 13 aus 24
Antwortstatistiken
Bildquiz Hint Antwort % Korrekt
A Ananas
99%
B Bikini Bottom
97%
K Krabbenburger
88%
L Larry
84%
Q Quallenfischen
81%
C Sandy {Cheeks}
81%
E {Eugene} Krabs
77%
M Magische Miesmuschel
72%
F FUN
59%
N Nosferatu
59%
D Drecksackblase
58%
G Goo Lagoon
56%
O Oma Schwammkopf
56%
W Wambo
54%
J der alte {Jenkins}
48%
T Taube Nüsschen
41%
R Rock Bottom
38%
U Unsichtbares Bootmobil
37%
V Vollgas
36%
I Ich bin Thaddäus
35%
P Patchy
29%
Z Santiago {Ziesmer}
28%
S Schnellie
14%
H Holografischer Hackbraten
13%
Keine übereinstimmenden Quizze gefunden
Verteilung der Resultate
Anzahl Personen mit jedem Resultat
Perzentil nach korrekt beantworteten Fragen
Ihre Resultats-Entwicklung
Sie haben dieses Quiz noch nicht gespielt